<?xml version="1.0" encoding="UTF-8"?><?xml-stylesheet type="text/xsl" href="static/style.xsl"?><OAI-PMH xmlns="http://www.openarchives.org/OAI/2.0/" xmlns:xsi="http://www.w3.org/2001/XMLSchema-instance" xsi:schemaLocation="http://www.openarchives.org/OAI/2.0/ http://www.openarchives.org/OAI/2.0/OAI-PMH.xsd"><responseDate>2026-04-13T01:39:47Z</responseDate><request verb="GetRecord" identifier="oai:www.recercat.cat:2117/428450" metadataPrefix="marc">https://recercat.cat/oai/request</request><GetRecord><record><header><identifier>oai:recercat.cat:2117/428450</identifier><datestamp>2026-01-23T06:32:06Z</datestamp><setSpec>com_2072_1033</setSpec><setSpec>col_2072_452950</setSpec></header><metadata><record xmlns="http://www.loc.gov/MARC21/slim" xmlns:dcterms="http://purl.org/dc/terms/" xmlns:xsi="http://www.w3.org/2001/XMLSchema-instance" xmlns:doc="http://www.lyncode.com/xoai" xsi:schemaLocation="http://www.loc.gov/MARC21/slim http://www.loc.gov/standards/marcxml/schema/MARC21slim.xsd">
   <leader>00925njm 22002777a 4500</leader>
   <datafield ind2=" " ind1=" " tag="042">
      <subfield code="a">dc</subfield>
   </datafield>
   <datafield ind2=" " ind1=" " tag="720">
      <subfield code="a">Agulló López, Ferran</subfield>
      <subfield code="e">author</subfield>
   </datafield>
   <datafield ind2=" " ind1=" " tag="720">
      <subfield code="a">Gutiérrez Torre, Alberto</subfield>
      <subfield code="e">author</subfield>
   </datafield>
   <datafield ind2=" " ind1=" " tag="720">
      <subfield code="a">Torres Viñals, Jordi</subfield>
      <subfield code="e">author</subfield>
   </datafield>
   <datafield ind2=" " ind1=" " tag="720">
      <subfield code="a">Berral García, Josep Lluís</subfield>
      <subfield code="e">author</subfield>
   </datafield>
   <datafield ind2=" " ind1=" " tag="260">
      <subfield code="c">2025-09</subfield>
   </datafield>
   <datafield ind2=" " ind1=" " tag="520">
      <subfield code="a">Forecasting the resource consumption of workloads is a frequent approach in the cloud provisioning field. Ideally, such predictions allow obtaining a more accurate scheduling and management of resources in a computing cluster. However, the current approaches fail to properly forecast the future consumption in areas where sudden increases of consumption are present, i.e., spikes. Even, commonly employed metrics lack the ability to properly evaluate sharp behaviours in the traces. This may generate resource starvation problems in the running workloads and decreases the Quality of Service (QoS) provided to external users. To address this issue, we propose two strategies that modify the outputs of forecasting algorithms without changing the algorithms’ internals. The new outputs considerably enhance the prediction of sudden increases, duplicating the F1 score metric in average for all tested algorithms. This improvement in the handling of spikes comes with an increased over-provision of resources. Nevertheless, the proposed strategies give the user an easy way to control this trade-off between predicting spikes and the amount of over-provision. The user can decide which is the right balance that better fits the requirements of its specific scenario. Furthermore, we propose a new evaluation methodology that better assesses the behaviour of forecasting algorithms in cloud traces, especially focused on the performance around increases of consumption, and we give insights on the reasons behind the predictions of the algorithms with the application of explainability techniques. The code repository of this work can be accessed through GitHub at this link https://github.com/FerranAgulloLopez/ResourceForecasting.</subfield>
   </datafield>
   <datafield ind2=" " ind1=" " tag="520">
      <subfield code="a">This work has been supported by the EU’s Horizon research and innovation programme under grant agreements HORIZON GA.101092646 (CloudSkin), HORIZON MSCA GA.101086248 (CloudStars), and by the Spanish Ministry of Science (MICINN), the Research State Agency (AEI) and European Regional Development Funds (ERDF/FEDER) under grant agreements PID-2021-126248OB-I00, MCIN/AEI/10.13039/ 501100011033, UE (DALEST), Severo Ochoa Center of Excellence CEX-2021-001148-S-20-3 and the Generalitat de Catalunya (AGAUR), Spain 2021-SGR-00478 (CROMAI).</subfield>
   </datafield>
   <datafield ind2=" " ind1=" " tag="520">
      <subfield code="a">Peer Reviewed</subfield>
   </datafield>
   <datafield ind2=" " ind1=" " tag="520">
      <subfield code="a">Postprint (published version)</subfield>
   </datafield>
   <datafield tag="653" ind2=" " ind1=" ">
      <subfield code="a">Àrees temàtiques de la UPC::Informàtica::Arquitectura de computadors</subfield>
   </datafield>
   <datafield tag="653" ind2=" " ind1=" ">
      <subfield code="a">Àrees temàtiques de la UPC::Informàtica::Intel·ligència artificial::Aprenentatge automàtic</subfield>
   </datafield>
   <datafield tag="653" ind2=" " ind1=" ">
      <subfield code="a">Time series forecasting</subfield>
   </datafield>
   <datafield tag="653" ind2=" " ind1=" ">
      <subfield code="a">Resource forecasting</subfield>
   </datafield>
   <datafield tag="653" ind2=" " ind1=" ">
      <subfield code="a">Cloud provisioning</subfield>
   </datafield>
   <datafield tag="653" ind2=" " ind1=" ">
      <subfield code="a">Resource autoscaling</subfield>
   </datafield>
   <datafield tag="653" ind2=" " ind1=" ">
      <subfield code="a">Deep learning</subfield>
   </datafield>
   <datafield tag="653" ind2=" " ind1=" ">
      <subfield code="a">Explainability</subfield>
   </datafield>
   <datafield ind2="0" ind1="0" tag="245">
      <subfield code="a">Enhancing the output of time series forecasting algorithms for cloud resource provisioning</subfield>
   </datafield>
</record></metadata></record></GetRecord></OAI-PMH>